000 00659nam a2200253Ia 4500
003 OSt
005 20221006145241.0
006 a|||||r|||| 00| 0
007 ta
008 221006b |||||||| |||| 00| 0 eng d
020 _a0313265569
_c
_9.50
024 _a14,248
037 _cTextual
040 _aEASL
_cEASL
_beng
041 _2eng
_aeng
082 _aR849B, K4;1
100 _aNAKAMURA Hajime
245 0 _aWays of Thinking of Eastern people
260 _aHonolulu
_bEast-West Center Press
_c1964
300 _a712p.
_ccm.
490 _v RS
942 _hR849B, K4;1
_cTEXL
_2CC
999 _c1082334
_d1082334